Ukazovatele hospodářskeho vývoje v zahraničí/88

Saved in:
Bibliographic Details
Format: Book
Published: Praha : ÚVTEI, 1988
Tags: Add Tag
No Tags, Be the first to tag this record!

MARC

LEADER 00000nam a22000003a 4500
001 stu14636
005 20150408181723.1
008 ------s1988----cs----------------------d
040 |a STU  |b slo 
041 0
044 |a cs 
080 |a 33+31 
245 |a Ukazovatele hospodářskeho vývoje v zahraničí/88 
260 |a Praha :  |b ÚVTEI,  |c 1988 
300 |a 561 s 
996 |b C83921  |c C*83921  |l CCXIV  |s P  |a 0  |w stu14636_0001